<?xml version="1.0" encoding="UTF-8"?>
<record
    xmlns:xsi="http://www.w3.org/2001/XMLSchema-instance"
    xsi:schemaLocation="http://www.loc.gov/MARC21/slim http://www.loc.gov/standards/marcxml/schema/MARC21slim.xsd"
    xmlns="http://www.loc.gov/MARC21/slim">

  <leader>03944pam a2200301 a 4500</leader>
  <controlfield tag="001">989637</controlfield>
  <controlfield tag="003">OSt</controlfield>
  <controlfield tag="005">20211115101959.0</controlfield>
  <controlfield tag="008">860911s1987    stka     b    001 0 eng c</controlfield>
  <datafield tag="010" ind1=" " ind2=" ">
    <subfield code="a">   86024505 </subfield>
  </datafield>
  <datafield tag="020" ind1=" " ind2=" ">
    <subfield code="a">0443079900</subfield>
  </datafield>
  <datafield tag="040" ind1=" " ind2=" ">
    <subfield code="a">DNLM/DLC</subfield>
    <subfield code="c">DLC</subfield>
    <subfield code="d">DLC</subfield>
  </datafield>
  <datafield tag="050" ind1="0" ind2="0">
    <subfield code="a">RJ421.P33</subfield>
  </datafield>
  <datafield tag="060" ind1=" " ind2=" ">
    <subfield code="a">WS 290 P126</subfield>
  </datafield>
  <datafield tag="082" ind1="0" ind2="0">
    <subfield code="a">618.92/12</subfield>
    <subfield code="2">19</subfield>
  </datafield>
  <datafield tag="245" ind1="0" ind2="0">
    <subfield code="a">Paediatric cardiology. /</subfield>
    <subfield code="c">edited by Robert H. Anderson ... [et al.].</subfield>
  </datafield>
  <datafield tag="260" ind1=" " ind2=" ">
    <subfield code="a">New York:</subfield>
    <subfield code="b">Churchill Livingstone,</subfield>
    <subfield code="c">2002.</subfield>
  </datafield>
  <datafield tag="300" ind1=" " ind2=" ">
    <subfield code="a">1 vol.:</subfield>
    <subfield code="b">ill. ;</subfield>
  </datafield>
  <datafield tag="504" ind1=" " ind2=" ">
    <subfield code="a">Includes bibliographies and index.</subfield>
  </datafield>
  <datafield tag="505" ind1=" " ind2=" ">
    <subfield code="a">Contents: History of paediatric hydrology cardiology -- Terminology -- Anatomy -- The pulmonary circulation -- The structure and function of the systematic circulation -- Incidence, mortality, and natural history -- The aetiology of congenital heart disease -- molecular biology and cardiac development -- Myocardium and development -- Clinical presentation of heart disease in infants and children -- The chest radiograph -- Diagnostic electrocardiograhy -- Cross-sectional Echocardiography and doppler -- Magnetic resonance imaging -- paediaric  nuclear cardiology -- Cartheterization and angiocardiography -- Electrophysiological investigations and transcartheter  ablation of cardiac arrhythmias -- Ventricular function -- Pulmonary vascular disease --  Lung function and exercise testing -- Embryology of the heart -- Physiology of the developing human fetal heart -- Prenatal detection of congenital heart disease -- Syndromes of myocardial ischaemia and persistent pulmonary hypertension of the newborn -- Persistent arterial duct in the preterm infant -- Decision making in medical and surgical management -- Management of arrhythmias -- Interventional catherization -- Statistical analysis in pediatric cardiology -- Transplantation of the heart and lungs in children -- Isomerism of the artrial appendage -- Anomalous systemic venous return -- Pulmonary venous abnormalities -- Atrial septal defect -- Division of artrial chambers -- Atrioventricular spatial defect --  Ventricular spatial defect -- Double-inlet ventricle -- Tricuspid atresia and the fontan operation -- Atresia of the morphologically left atrioventricular orifice -- Straddling atrioventricular valves -- Disease of the tricuspid valve -- Mitral valvar anomalies and supravalvar mitral ring -- Pulmonary atresia with intact ventricular septum -- Hypoplastic left heart syndrome -- Fallot's tetralogy -- Tetralogy of fallot  with pulmonary atresia -- Complete transposition -- Discordant atrioventricular connection and congenitally corrected transposition -- Double outlet ventricle -- Common arterial trunk -- persistent patency of the arterial duct -- pulmonary stenosis -- Congenital anomalies of the aortic valve and left ventricular outflow tract -- Anomalies of the coronary arteries -- Aorta coarctation and interrupted aortic arch -- Vascular ring and pulmonary sling -- Abnormal positions and relationships of the heart -- Cardiomyopathies -- Arteries-venous fistulas and related conditions -- Cardiac tumours -- Kawasaki disease -- Non-rheumatic inflation inflammatory heart disease -- acute rheumatic fever -- Chronic rheumatic fever -- Infective endocarditis -- Cardiological aspect of systemic disease -- Systemic hypertension - Paediatric cardiology in the tropics -- Cardiovascular risk factors in infancy and  childhood -- Management of congenital heart disease in pregnancy -- Congenital heart disease in adolescents and adults -- Psychological aspects of congenital heart disease -- Social aspects of congenital heart disease -- Ethics in paedatric cardiology -- </subfield>
  </datafield>
  <datafield tag="650" ind1=" " ind2="0">
    <subfield code="a">Pediatric cardiology.</subfield>
  </datafield>
  <datafield tag="650" ind1=" " ind2="2">
    <subfield code="a">Heart Defects, Congenital.</subfield>
  </datafield>
  <datafield tag="650" ind1=" " ind2="2">
    <subfield code="a">Heart Diseases</subfield>
    <subfield code="x">in infancy &amp; childhood.</subfield>
  </datafield>
  <datafield tag="700" ind1="1" ind2=" ">
    <subfield code="a">Anderson, Robert Henry.</subfield>
  </datafield>
  <datafield tag="740" ind1="0" ind2=" ">
    <subfield code="a">Pediatric cardiology.</subfield>
  </datafield>
  <datafield tag="906" ind1=" " ind2=" ">
    <subfield code="a">7</subfield>
    <subfield code="b">cbc</subfield>
    <subfield code="c">orignew</subfield>
    <subfield code="d">1</subfield>
    <subfield code="e">ocip</subfield>
    <subfield code="f">19</subfield>
    <subfield code="g">y-gencatlg</subfield>
  </datafield>
  <datafield tag="942" ind1=" " ind2=" ">
    <subfield code="2">lcc</subfield>
    <subfield code="c">BK</subfield>
  </datafield>
  <datafield tag="999" ind1=" " ind2=" ">
    <subfield code="c">7975</subfield>
    <subfield code="d">15475</subfield>
  </datafield>
  <datafield tag="952" ind1=" " ind2=" ">
    <subfield code="0">0</subfield>
    <subfield code="1">0</subfield>
    <subfield code="2">lcc</subfield>
    <subfield code="4">0</subfield>
    <subfield code="7">0</subfield>
    <subfield code="a">WIUC-KL</subfield>
    <subfield code="b">WIUC-KL</subfield>
    <subfield code="c">NURS L.</subfield>
    <subfield code="d">2019-08-16</subfield>
    <subfield code="l">0</subfield>
    <subfield code="o">RJ421.P33(2e)</subfield>
    <subfield code="p">KSN/495/19</subfield>
    <subfield code="r">2021-11-12 00:00:00</subfield>
    <subfield code="w">2021-11-12</subfield>
    <subfield code="y">BK</subfield>
  </datafield>
</record>
